| 000 | 00884nac a22002651i 4500 | ||
|---|---|---|---|
| 003 | EG-ScBUE | ||
| 005 | 20240417094836.0 | ||
| 008 | 240417s2001 ctu f 000 0 eng d | ||
| 020 | _a0300087055 | ||
| 020 | _a9780300087055 | ||
| 040 |
_aEG-ScBUE _beng _erda _cEG-ScBUE _dEG-ScBUE |
||
| 043 | _ae-ur--- | ||
| 082 | 0 | 4 |
_a947.084 _bSAT _222 |
| 100 | 1 |
_aSatter, David, _d1947- _eauthor. |
|
| 245 | 1 | 0 |
_aAge of delirium : _bthe decline and fall of the soviet union / _cDavid Satter. |
| 264 | 1 |
_aNew Haven, CT : _bYale University Press, _c2001. |
|
| 300 |
_axvii, 424 pages ; _b22 cm |
||
| 336 |
_2rdacontent _atext _btxt |
||
| 337 |
_aunmediated _2rdamedia _bn |
||
| 338 |
_avolume _bnc _2rdacarrier |
||
| 650 | 7 |
_aSoviet Union _xHistory. _2BUEsh |
|
| 655 | _vReading book | ||
| 856 | 4 | 2 |
_3Book review (H-Net) _uhttp://www.h-net.org/review/hrev-a0d9o5-aa |
| 942 |
_cBB _2ddc |
||
| 999 |
_c7206 _d7206 |
||